| 000 -LEADER |
| fixed length control field |
00521nam a22001577a 4500 |
| 005 - DATE AND TIME OF LATEST TRANSACTION |
| control field |
20240318145548.0 |
| 008 - FIXED-LENGTH DATA ELEMENTS--GENERAL INFORMATION |
| fixed length control field |
240318s1967 ru ||||| |||| 00| 0 rus d |
| 041 ## - LANGUAGE CODE |
| Language code of text/sound track or separate title |
rus |
| 080 ## - UNIVERSAL DECIMAL CLASSIFICATION NUMBER |
| Universal Decimal Classification number |
902.2(38) C-47 |
| 100 ## - MAIN ENTRY--PERSONAL NAME |
| Personal name |
Славин, Л.М. |
| 9 (RLIN) |
21409 |
| 245 ## - TITLE STATEMENT |
| Title |
Здесь был город Ольвия / |
| Statement of responsibility, etc. |
Л. М. Славин. |
| 300 ## - PHYSICAL DESCRIPTION |
| Extent |
78 c.: |
| Other physical details |
ил.; |
| Dimensions |
20 см. |
| 440 ## - SERIES STATEMENT/ADDED ENTRY--TITLE |
| Title |
Научно-популярная литература |
| 9 (RLIN) |
21436 |
| 653 ## - INDEX TERM--UNCONTROLLED |
| keyword |
არქეოლოგია |
| 942 ## - ADDED ENTRY ELEMENTS (KOHA) |
| Source of classification or shelving scheme |
|
| Koha item type |
წიგნი |